Т. 100, вып. 9-10; Письма в Журнал экспериментальной и теоретической физики

Detalles Bibliográficos
Parent link:Письма в Журнал экспериментальной и теоретической физики: научно-теоретический журнал/ Российская академия наук. Т. 100, вып. 9-10.— , 1970-
Idioma:ruso
Publicado: 2014
Formato: MixedMaterials Libro
KOHA link:https://koha.lib.tpu.ru/cgi-bin/koha/opac-detail.pl?biblionumber=539658

MARC

LEADER 00000nam2a2200000 4500
001 539658
005 20231101114421.0
035 |a (RuTPU)RU\TPU\prd\229443 
090 |a 539658 
100 |a 20150112a19659999k y0rusy50 ca 
101 0 |a rus 
102 |a RU 
200 0 |a Т. 100, вып. 9-10 
210 |d 2014 
461 1 |0 (RuTPU)RU\TPU\prd\1483  |t Письма в Журнал экспериментальной и теоретической физики  |o научно-теоретический журнал  |f Российская академия наук  |v Т. 100, вып. 9-10  |d 1970- 
801 0 |a RU  |b 63413507  |c 20010227  |g PSBO 
801 1 |a RU  |b 63413507  |c 20150112 
801 2 |a RU  |b 63413507  |c 20230505  |g RCR 
942 |c BK 
999 |a НТБ_ТПУ  |b НФ  |e -1/20150112  |p П-770аб  |s 3/20140704  |u 0,00  |v 1